Toreros del Escalafón 2025 - Estadísticas

Estadísticas generales
  • Esta prueba ha sido intentada 52 veces
  • La puntuación promedio es 15 de 25
Estadísticas de respuestas
Respuesta Corridas Trofeos % Correcto
1 Alejandro Talavante 65 112
100%
5 Morante de la Puebla 50 58
100%
8 Roca Rey 39 51
100%
12 José María Manzanares 33 38
92%
4 Juan Ortega 51 45
80%
14 Pablo Aguado 31 29
80%
2 Borja Jiménez 58 103
76%
11 Daniel Luque 33 57
72%
7 Manuel Escribano 39 75
72%
15 Marco Pérez 30 72
68%
6 Sebastián Castella 48 67
68%
3 Emilio de Justo 53 90
64%
17 David de Miranda 23 62
60%
13 El Fandi 31 85
56%
10 Tomás Rufo 34 57
56%
9 Miguel Ángel Perera 35 43
52%
21 Fernando Adrián 19 40
48%
18 David Galván 22 33
44%
20 Saúl Jiménez Fortes 21 19
40%
24 Ginés Marín 17 29
36%
23 Damián Castaño 19 8
32%
19 Morenito de Aranda 21 26
32%
16 Antonio Ferrera 26 49
20%
25 Samuel Navalón 16 28
16%
22 José Fernando Molina 19 23
8%
No se encontraron pruebas coincidentes
Distribución de puntuación
Porcentaje de gente con cada puntuación
Porcentaje por número respondido
Historial de tus puntuaciones
No has intentado esta prueba.